Enfermedades de los animales

Guardado en:
Formato: Libro
Publicado: México : Herrero, 1965
Materias:
Etiquetas: Agregar Etiqueta
Sin Etiquetas, Sea el primero en etiquetar este registro!
LEADER 01389nam a22002775a 4500
001 CEM.cems018001
005 20130423123607.0
008 130507s1965##################000#0#####d
003 CEMS
082 0 4 |a 636.0896 
245 0 0 |a Enfermedades de los animales 
260 |a México :  |b Herrero,  |c 1965 
300 |a 788 p. 
505 0 |a Conservar la salud del hombre y los animales -- Prevención y tratamiento de enfermedades -- Enfermedades y parásitos que afectan a varias especies de animales -- Enfermedades y parásitos que afectan al ganado vacuno -- Enfermedades y parásitos que afectan al ganado porcino -- Enfermedades y parásitos que afectan al ganado lanar y cabrío -- Enfermedades y parásitos que afectan a las aves de corral -- Enfermedades y parásitos que afectan a perros y gatos -- Enfermedades y parásitos que afectan a caballos y mulas -- Enfermedades y parásitos que afectan a animales para pieles de abrigo 
653 |a Veterinaria 
653 |a Enfermedades de los animales 
653 |a Bovinos-enfermedades 
653 |a Porcinos-enfermedades 
653 |a Ovinos-enfermedades 
653 |a Caprinos-enfermedades 
653 |a Aves de corral-enfermedades 
653 |a Perros-enfermedades 
653 |a Gatos-enfermedades 
653 |a Equinos-enfermedades 
653 |a Mulas-enfermedades 
859 |a CEMS  |b BIB. CEMS - Agricultura  |h 636.0896  |i En28  |p A1844.13  |t Ej.1